[Event "Novi Sad TS IM Mix 275th"]
[Site "Novi Sad"]
[Date "2022.06.18"]
[Round "8"]
[White "Remecki, Sinisa"]
[Black "Naumkin, Igor"]
[Result "1/2-1/2"]
[WhiteElo "2325"]
[BlackElo "2240"]
[PlyCount "20"]
[EventDate "2022.06.13"]
[EventType "tourn"]
[EventRounds "9"]
[EventCountry "SRB"]
[EventCategory "1"]
[SourceTitle "CBM 208 Extra"]
[Source "ChessBase"]
[SourceDate "2022.07.31"]
[SourceVersion "1"]
[SourceVersionDate "2022.07.31"]
[SourceQuality "1"]

1. c4 Nf6 2. Nc3 e5 3. Nf3 Nc6 4. d4 exd4 5. Nxd4 Bb4 6. Nxc6 bxc6 7. e3 0-0 8. Qb3 a5 9. a3 Bxc3+ 10. Qxc3 d5 1/2-1/2

[Event "Novi Sad TS IM Mix 275th"]
[Site "Novi Sad"]
[Date "2022.06.14"]
[Round "2"]
[White "Savitha Shri, B."]
[Black "Naumkin, Igor"]
[Result "1-0"]
[WhiteElo "2230"]
[BlackElo "2240"]
[PlyCount "35"]
[EventDate "2022.06.13"]
[EventType "tourn"]
[EventRounds "9"]
[EventCountry "SRB"]
[EventCategory "1"]
[SourceTitle "CBM 208 Extra"]
[Source "ChessBase"]
[SourceDate "2022.07.31"]
[SourceVersion "1"]
[SourceVersionDate "2022.07.31"]
[SourceQuality "1"]

1. e4 e5 2. Nf3 Nc6 3. Bb5 a6 4. Ba4 Nf6 5. Nc3 b5 6. Bb3 Be7 7. d3 h6 8. Nd5 0-0 9. g4 Na5 10. g5 Nxd5 11. Bxd5 c6 12. gxh6 g6 13. h7+ Kh8 14. Bxf7 Rxf7 15. Nxe5 Rg7 16. Rg1 g5 17. Qh5 Nb7 18. Ng6+ 1-0

[Event "Novi Sad TS IM Mix 272nd"]
[Site "Novi Sad"]
[Date "2022.06.08"]
[Round "5"]
[White "Orujov, Farid"]
[Black "Naumkin, Igor"]
[Result "1-0"]
[WhiteElo "2302"]
[BlackElo "2240"]
[PlyCount "83"]
[EventDate "2022.06.06"]
[EventType "tourn"]
[EventRounds "9"]
[EventCountry "SRB"]
[EventCategory "1"]
[SourceTitle "CBM 208 Extra"]
[Source "ChessBase"]
[SourceDate "2022.07.31"]
[SourceVersion "1"]
[SourceVersionDate "2022.07.31"]
[SourceQuality "1"]

1. e4 e6 2. d4 d5 3. Nd2 a6 4. Bd3 c5 5. dxc5 Bxc5 6. Ngf3 Nf6 7. e5 Ng4 8. 0-0 Nc6 9. Qe2 Qc7 10. Nb3 Ba7 11. Bf4 f6 12. Rae1 Ngxe5 13. Nxe5 fxe5 14. Bxe5 Nxe5 15. Qxe5 Qxe5 16. Rxe5 0-0 17. c4 Bb8 18. Re2 Ba7 19. cxd5 exd5 20. Re5 Rd8 21. h3 Bb8 22. Re2 Bd7 23. Nc5 Bc6 24. Ne6 Re8 25. f4 g6 26. f5 Bd7 27. g4 Bxe6 28. fxe6 Re7 29. Bc2 Ba7+ 30. Kg2 Rae8 31. Bb3 Rd8 32. Rd1 d4 33. Rd3 b5 34. h4 a5 35. a3 a4 36. Ba2 Bc5 37. Re5 Rc8 38. Re2 Rb8 39. Rc2 Rc7 40. Rxd4 Bxd4 41. Rxc7 Bxb2 42. e7+ 1-0

[Event "Novi Sad TS IM Mix 272nd"]
[Site "Novi Sad"]
[Date "2022.06.07"]
[Round "2"]
[White "Naumkin, Igor"]
[Black "Djoric, Dusan"]
[Result "1/2-1/2"]
[WhiteElo "2240"]
[BlackElo "2276"]
[PlyCount "51"]
[EventDate "2022.06.06"]
[EventType "tourn"]
[EventRounds "9"]
[EventCountry "SRB"]
[EventCategory "1"]
[SourceTitle "CBM 208 Extra"]
[Source "ChessBase"]
[SourceDate "2022.07.31"]
[SourceVersion "1"]
[SourceVersionDate "2022.07.31"]
[SourceQuality "1"]

1. e4 c5 2. Nf3 d6 3. d4 cxd4 4. Nxd4 Nf6 5. Nc3 a6 6. Bg5 e6 7. f4 Qb6 8. Qd2 Qxb2 9. Rb1 Qa3 10. Be2 Be7 11. 0-0 0-0 12. e5 dxe5 13. fxe5 Nfd7 14. Ne4 Bxg5 15. Qxg5 Qa5 16. Nf6+ Kh8 17. Nxh7 Kxh7 18. Nxe6 Qxe5 19. Qh4+ Kg8 20. Ng5 Qc5+ 21. Kh1 Qxc2 22. Rbc1 Qg6 23. Nxf7 Nf6 24. Ne5 Qh6 25. Qc4+ Kh8 26. Bd3 1/2-1/2

[Event "Novi Sad TS Mix 263rd"]
[Site "Novi Sad"]
[Date "2022.05.23"]
[Round "1"]
[White "Naumkin, Igor"]
[Black "Mohammed, Dilshad"]
[Result "1/2-1/2"]
[WhiteElo "2266"]
[BlackElo "2041"]
[PlyCount "36"]
[EventDate "2022.05.23"]
[EventType "swiss"]
[EventRounds "9"]
[EventCountry "SRB"]
[SourceTitle "CBM 208 Extra"]
[Source "ChessBase"]
[SourceDate "2022.07.31"]
[SourceVersion "1"]
[SourceVersionDate "2022.07.31"]
[SourceQuality "1"]

1. d4 d5 2. c4 e6 3. Nf3 Nf6 4. Nc3 Be7 5. Bg5 Nbd7 6. e3 h6 7. Bh4 0-0 8. Bd3 c5 9. 0-0 b6 10. Qe2 Bb7 11. Rad1 Ne4 12. Bg3 Nxg3 13. hxg3 Nf6 14. cxd5 cxd4 15. exd4 exd5 16. Ne5 Bb4 17. f4 Bxc3 18. bxc3 Rc8 1/2-1/2

[Event "Novi Sad TS IM Mix 277th"]
[Site "Novi Sad"]
[Date "2022.05.20"]
[Round "7"]
[White "Naumkin, Igor"]
[Black "Singh, Ojasva"]
[Result "1-0"]
[WhiteElo "2266"]
[BlackElo "2066"]
[PlyCount "67"]
[EventDate "2022.05.16"]
[EventType "schev"]
[EventRounds "9"]
[EventCountry "SRB"]
[SourceTitle "CBM 208 Extra"]
[Source "ChessBase"]
[SourceDate "2022.07.31"]
[SourceVersion "1"]
[SourceVersionDate "2022.07.31"]
[SourceQuality "1"]

1. d4 Nf6 2. c4 g6 3. Nc3 Bg7 4. e4 d6 5. Nf3 0-0 6. Be2 e5 7. 0-0 Na6 8. Re1 c6 9. Be3 exd4 10. Bxd4 Re8 11. Bf1 Bg4 12. h3 Bxf3 13. Qxf3 Nc5 14. Rad1 Ne6 15. Be3 Qc7 16. Qg3 Rad8 17. f4 Qa5 18. Qf3 Nc5 19. Bf2 Na4 20. Nxa4 Qxa4 21. e5 dxe5 22. Rxd8 Rxd8 23. fxe5 Ne8 24. e6 f5 25. e7 Ra8 26. Qe2 Qb4 27. Qe6+ Kh8 28. Rd1 Qa5 29. Qf7 h6 30. Qxg6 Qc7 31. Qf7 Bf6 32. Re1 c5 33. Re6 Bg7 34. Bd3 1-0

[Event "Novi Sad TS IM Mix 257th"]
[Site "Novi Sad"]
[Date "2022.05.14"]
[Round "9"]
[White "Mohammed, Dilshad"]
[Black "Naumkin, Igor"]
[Result "1/2-1/2"]
[WhiteElo "2041"]
[BlackElo "2266"]
[PlyCount "29"]
[EventDate "2022.05.09"]
[EventType "tourn"]
[EventRounds "9"]
[EventCountry "SRB"]
[SourceTitle "CBM 208 Extra"]
[Source "ChessBase"]
[SourceDate "2022.07.31"]
[SourceVersion "1"]
[SourceVersionDate "2022.07.31"]
[SourceQuality "1"]

1. Nf3 Nf6 2. c4 e6 3. g3 d5 4. Bg2 d4 5. 0-0 c5 6. d3 Nc6 7. e3 Be7 8. exd4 cxd4 9. a3 a5 10. Re1 Nd7 11. b3 0-0 12. Nbd2 e5 13. Qc2 h6 14. Rb1 Re8 15. Nf1 1/2-1/2

[Event "Novi Sad TS IM Mix 245th"]
[Site "Novi Sad"]
[Date "2022.03.09"]
[Round "6"]
[White "Naumkin, Igor"]
[Black "Mamatov, Melis"]
[Result "1/2-1/2"]
[WhiteElo "2265"]
[BlackElo "2193"]
[PlyCount "88"]
[EventDate "2022.03.07"]
[EventType "tourn"]
[EventRounds "9"]
[EventCountry "SRB"]
[SourceTitle "CBM 207 Extra"]
[Source "ChessBase"]
[SourceDate "2022.05.31"]
[SourceVersion "1"]
[SourceVersionDate "2022.05.31"]
[SourceQuality "1"]

1. d4 d5 2. c4 c6 3. Nf3 Nf6 4. Nc3 dxc4 5. a4 Bf5 6. e3 e6 7. Bxc4 Bb4 8. 0-0 0-0 9. Nh4 Nbd7 10. f3 Bg6 11. Nxg6 hxg6 12. e4 e5 13. Be3 a5 14. Kh1 Qe7 15. Qe2 Rad8 16. Rad1 exd4 17. Bxd4 Bc5 18. Bxc5 Qxc5 19. f4 Qh5 20. e5 Qxe2 21. Bxe2 Nh7 22. Ne4 Nb6 23. Nc5 Nd5 24. g3 b6 25. Ne4 Rfe8 26. Rc1 Nb4 27. Nd6 Re7 28. Bc4 Nf8 29. f5 Nd5 30. Bb3 Rxe5 31. Rxc6 gxf5 32. Nxf5 Rd7 33. Nd6 g6 34. Rd1 Nf6 35. Rxb6 Ne4 36. Nxe4 Rxd1+ 37. Bxd1 Rxe4 38. Kg2 Ne6 39. Rb5 Rd4 40. Bb3 Rd2+ 41. Kf3 Rd3+ 42. Kf2 Nd4 43. Rb8+ Kg7 44. Bc4 Rf3+ 1/2-1/2

[Event "Novi Sad TS IM Mix 245th"]
[Site "Novi Sad"]
[Date "2022.03.09"]
[Round "5"]
[White "Rosh, Jain"]
[Black "Naumkin, Igor"]
[Result "1-0"]
[WhiteElo "2068"]
[BlackElo "2265"]
[PlyCount "71"]
[EventDate "2022.03.07"]
[EventType "tourn"]
[EventRounds "9"]
[EventCountry "SRB"]
[SourceTitle "CBM 207 Extra"]
[Source "ChessBase"]
[SourceDate "2022.05.31"]
[SourceVersion "1"]
[SourceVersionDate "2022.05.31"]
[SourceQuality "1"]

1. e4 e5 2. Nf3 Nc6 3. Bb5 a6 4. Ba4 Nf6 5. 0-0 Be7 6. Re1 b5 7. Bb3 0-0 8. c3 d6 9. h3 Nb8 10. d4 Nbd7 11. Nh4 Bb7 12. Nf5 Re8 13. Nxe7+ Qxe7 14. dxe5 dxe5 15. f3 h6 16. Be3 Rad8 17. Qe2 c5 18. c4 b4 19. a3 a5 20. axb4 axb4 21. Ra7 Rb8 22. Ba4 Red8 23. Qf2 Rdc8 24. Nd2 Nf8 25. f4 exf4 26. Bxf4 Ra8 27. Rxa8 Bxa8 28. Qg3 Ng6 29. Bd6 Qa7 30. Bc2 Qa2 31. Qb3 Qxb3 32. Nxb3 Nd7 33. Ra1 Nge5 34. Ra7 f6 35. Nxc5 Bc6 36. Nxd7 1-0

[Event "Novi Sad TS IM Mix 245th"]
[Site "Novi Sad"]
[Date "2022.03.08"]
[Round "3"]
[White "Leskur, Dejan"]
[Black "Naumkin, Igor"]
[Result "1/2-1/2"]
[WhiteElo "2257"]
[BlackElo "2265"]
[PlyCount "38"]
[EventDate "2022.03.07"]
[EventType "tourn"]
[EventRounds "9"]
[EventCountry "SRB"]
[SourceTitle "CBM 207 Extra"]
[Source "ChessBase"]
[SourceDate "2022.05.31"]
[SourceVersion "1"]
[SourceVersionDate "2022.05.31"]
[SourceQuality "1"]

1. e4 e6 2. d4 d5 3. exd5 exd5 4. Nc3 Nf6 5. Nf3 c6 6. Bd3 Be7 7. 0-0 0-0 8. Re1 Bg4 9. h3 Bh5 10. Bf4 Nbd7 11. g4 Bg6 12. Ne5 Bxd3 13. Qxd3 Nxe5 14. dxe5 Nd7 15. Rad1 Nc5 16. Qg3 Qd7 17. a3 Rae8 18. Be3 b6 19. f4 f6 1/2-1/2

[Event "Novi Sad TS Mix 244th"]
[Site "Novi Sad"]
[Date "2022.02.28"]
[Round "10"]
[White "Naumkin, Igor"]
[Black "Uskov, Artem"]
[Result "1/2-1/2"]
[WhiteElo "2230"]
[BlackElo "2128"]
[PlyCount "74"]
[EventDate "2022.02.21"]
[EventType "swiss"]
[EventRounds "10"]
[EventCountry "SRB"]
[SourceTitle "CBM 207 Extra"]
[Source "ChessBase"]
[SourceDate "2022.05.31"]
[SourceVersion "1"]
[SourceVersionDate "2022.05.31"]
[SourceQuality "1"]

1. d4 Nf6 2. c4 g6 3. Nc3 Bg7 4. e4 d6 5. Nf3 0-0 6. Be2 e5 7. 0-0 Nc6 8. d5 Ne7 9. b4 Nh5 10. Re1 Nf4 11. Bxf4 exf4 12. Rc1 h6 13. Qd2 g5 14. h3 Ng6 15. c5 a6 16. a4 Bd7 17. a5 Re8 18. c6 bxc6 19. dxc6 Bxc6 20. Nd5 Bxd5 21. Qxd5 Ne7 22. Qa2 c6 23. Bc4 d5 24. exd5 cxd5 25. Red1 Qb8 26. Bxd5 Nxd5 27. Qxd5 Qxb4 28. Rc7 Qf8 29. Qc4 Re7 30. Rdd7 Rxd7 31. Rxd7 Qe8 32. Rc7 Qe6 33. Qxe6 fxe6 34. Rc6 Kf7 35. Kf1 Bf6 36. Nd2 Bd8 37. Nc4 Ke7 1/2-1/2

[Event "Novi Sad TS Mix 240th"]
[Site "Novi Sad"]
[Date "2022.02.15"]
[Round "2"]
[White "Naumkin, Igor"]
[Black "Gadimbayli, Abdulla Azar"]
[Result "1/2-1/2"]
[WhiteElo "2230"]
[BlackElo "2463"]
[PlyCount "24"]
[EventDate "2022.02.15"]
[EventType "swiss"]
[EventRounds "9"]
[EventCountry "SRB"]
[SourceTitle "CBM 207 Extra"]
[Source "ChessBase"]
[SourceDate "2022.05.31"]
[SourceVersion "1"]
[SourceVersionDate "2022.05.31"]
[SourceQuality "1"]

1. d4 d5 2. Nf3 Nc6 3. c4 e5 4. dxe5 d4 5. g3 Nge7 6. Bg5 Be6 7. Nbd2 h6 8. Bxe7 Bxe7 9. Bg2 Qd7 10. 0-0 g5 11. Qb3 Rb8 12. Rfd1 g4 1/2-1/2

[Event "Novi Sad TS Mix 237th"]
[Site "Novi Sad"]
[Date "2022.02.13"]
[Round "9"]
[White "Naumkin, Igor"]
[Black "Subhayan, Kundu"]
[Result "0-1"]
[WhiteElo "2230"]
[BlackElo "2297"]
[PlyCount "78"]
[EventDate "2022.02.08"]
[EventType "swiss"]
[EventRounds "9"]
[EventCountry "SRB"]
[SourceTitle "CBM 207 Extra"]
[Source "ChessBase"]
[SourceDate "2022.05.31"]
[SourceVersion "1"]
[SourceVersionDate "2022.05.31"]
[SourceQuality "1"]

1. d4 Nf6 2. c4 g6 3. Nc3 Bg7 4. e4 d6 5. Nf3 0-0 6. Be2 e5 7. d5 a5 8. Bg5 h6 9. Bh4 Na6 10. Nd2 Bd7 11. 0-0 Nc5 12. Qc2 b6 13. b3 g5 14. Bg3 h5 15. f3 h4 16. Bf2 Nh5 17. Rfe1 Nf4 18. a3 g4 19. fxg4 h3 20. g3 Nxe2+ 21. Nxe2 Bxg4 22. Bxc5 bxc5 23. a4 Bh6 24. Nc3 Qg5 25. Nf1 f5 26. exf5 Bxf5 27. Ne4 Qg6 28. Qd3 Rf7 29. Ra2 Raf8 30. Rae2 Kg7 31. Qb1 Kg8 32. Qd3 Bg4 33. Rf2 Bf3 34. Rxf3 Rxf3 35. Qe2 Be3+ 36. Qxe3 Rxe3 37. Rxe3 Qg4 38. Nf2 Qf5 39. Re2 Qf3 0-1

[Event "Novi Sad TS Mix 237th"]
[Site "Novi Sad"]
[Date "2022.02.10"]
[Round "5"]
[White "Naumkin, Igor"]
[Black "Kukhmazov, Arsen"]
[Result "0-1"]
[WhiteElo "2230"]
[BlackElo "2472"]
[PlyCount "86"]
[EventDate "2022.02.08"]
[EventType "swiss"]
[EventRounds "9"]
[EventCountry "SRB"]
[SourceTitle "CBM 207 Extra"]
[Source "ChessBase"]
[SourceDate "2022.05.31"]
[SourceVersion "1"]
[SourceVersionDate "2022.05.31"]
[SourceQuality "1"]

1. d4 Nf6 2. Nf3 d5 3. c4 e6 4. Bg5 dxc4 5. Qa4+ Nbd7 6. Nc3 a6 7. Qxc4 b5 8. Qd3 Bb7 9. e3 c5 10. Be2 c4 11. Qc2 Bd6 12. a3 Qb8 13. Rd1 0-0 14. e4 Bc7 15. e5 Nd5 16. 0-0 Bc6 17. Bc1 h6 18. Ne4 Qb7 19. Ng3 Ne7 20. Bd2 a5 21. Qc1 Kh7 22. b3 Nb6 23. a4 b4 24. bxc4 Ng8 25. Bd3+ Kh8 26. d5 exd5 27. e6 fxe6 28. Nh4 Be8 29. Rfe1 Bd8 30. Ng6+ Bxg6 31. Bxg6 Nxc4 32. Rxe6 b3 33. Bb1 Qf7 34. Re2 Bb6 35. Kh1 Rae8 36. Rxe8 Rxe8 37. Nf5 Re2 38. Bc3 d4 39. Bxd4 Bxd4 40. Nh4 Ne5 41. Rxd4 Qxf2 42. Rd1 Qxh4 43. h3 Nf3 0-1

[Event "Novi Sad TS Mix 237th"]
[Site "Novi Sad"]
[Date "2022.02.09"]
[Round "4"]
[White "Naumkin, Igor"]
[Black "Drazic, Sinisa"]
[Result "1/2-1/2"]
[WhiteElo "2230"]
[BlackElo "2303"]
[PlyCount "21"]
[EventDate "2022.02.08"]
[EventType "swiss"]
[EventRounds "9"]
[EventCountry "SRB"]
[SourceTitle "CBM 207 Extra"]
[Source "ChessBase"]
[SourceDate "2022.05.31"]
[SourceVersion "1"]
[SourceVersionDate "2022.05.31"]
[SourceQuality "1"]

1. e4 e5 2. Nf3 Nf6 3. Nxe5 d6 4. Nf3 Nxe4 5. d4 d5 6. Bd3 Bd6 7. 0-0 0-0 8. c4 c6 9. Nc3 Nxc3 10. bxc3 dxc4 11. Bxc4 1/2-1/2